00417nam a22001577a 450000500170000000800410001702000180005804100120007608200120008810000120010024500420011225000180015426000320017230000300020465000250023420250828132642.0250828b |||||||| |||| 00| 0 eng d a9780639016061 aEnglish a349 SOU lEnglish aThe Law of South Africa /cWA Joubert aThird Edition aDurban:bLexisNexis, c2025 bvii, 663 pages; c25 cm.  aLegal practice bLaw